Channel catfish farming handbook

Guardat en:
Dades bibliogràfiques
Autor principal: Tucker, Craig S.
Format: Llibre
Idioma:Undetermined
Publicat: New York Chapman & Hall/International Thomson Publishing 1991
Matèries:
Etiquetes: Afegir etiqueta
Sense etiquetes, Sigues el primer a etiquetar aquest registre!
Thư viện lưu trữ: Trung tâm Học liệu Trường Đại học Cần Thơ
LEADER 00548nam a2200181Ia 4500
001 CTU_38801
008 210402s9999 xx 000 0 und d
082 |a 639.3752 
082 |b T891/1991 
100 |a Tucker, Craig S. 
245 0 |a Channel catfish farming handbook 
245 0 |c Craig S. Tucker and Edwin H. Robinson 
260 |a New York 
260 |b Chapman & Hall/International Thomson Publishing 
260 |c 1991 
650 |a Channel catfish,Fish-culture 
904 |i Giang 
980 |a Trung tâm Học liệu Trường Đại học Cần Thơ